<?xml version="1.0" encoding="UTF-8"?>
<record
    xmlns:xsi="http://www.w3.org/2001/XMLSchema-instance"
    xsi:schemaLocation="http://www.loc.gov/MARC21/slim http://www.loc.gov/standards/marcxml/schema/MARC21slim.xsd"
    xmlns="http://www.loc.gov/MARC21/slim">

  <leader>01088nam a2200277 i 4500</leader>
  <controlfield tag="005">20230207165329.0</controlfield>
  <controlfield tag="008">230207t20222007my dbaog |||| 00| 0 may d</controlfield>
  <datafield tag="020" ind1=" " ind2=" ">
    <subfield code="a">9789674306793</subfield>
    <subfield code="c">RM60.00</subfield>
    <subfield code="q">paperback </subfield>
  </datafield>
  <datafield tag="040" ind1=" " ind2=" ">
    <subfield code="a">PPAK</subfield>
    <subfield code="b">eng</subfield>
    <subfield code="c">PPAK</subfield>
    <subfield code="e">rda</subfield>
  </datafield>
  <datafield tag="082" ind1="0" ind2="4">
    <subfield code="2">23</subfield>
    <subfield code="a">658.4092</subfield>
  </datafield>
  <datafield tag="090" ind1="0" ind2="0">
    <subfield code="a">658.4092</subfield>
    <subfield code="b">COH</subfield>
    <subfield code="d">G</subfield>
  </datafield>
  <datafield tag="100" ind1="1" ind2=" ">
    <subfield code="a">Cohen, Ed,</subfield>
    <subfield code="e">author. </subfield>
  </datafield>
  <datafield tag="245" ind1="1" ind2="0">
    <subfield code="a">KEPEMIMPINAN TANPA SEMPADAN : </subfield>
    <subfield code="b">STRATEGI BERKESAN DARIPADA PEMIMPIN TERBAIK DUNIA /</subfield>
    <subfield code="c">ED COHEN ; Penterjemah Siti Maimon Kamso</subfield>
  </datafield>
  <datafield tag="246" ind1="3" ind2="1">
    <subfield code="i">Translation of: </subfield>
    <subfield code="a">Leadership without borders : </subfield>
    <subfield code="b">successful strategies from world-class leaders</subfield>
  </datafield>
  <datafield tag="264" ind1=" " ind2="1">
    <subfield code="a">Kuala Lumpur : </subfield>
    <subfield code="b">INSTITUT TERJEMAHAN &amp; BUKU MALAYSIA BERHAD,</subfield>
    <subfield code="c">2022</subfield>
  </datafield>
  <datafield tag="264" ind1=" " ind2="4">
    <subfield code="c">&#xA9;2017</subfield>
  </datafield>
  <datafield tag="300" ind1=" " ind2=" ">
    <subfield code="a">xxvii, 310 pages :</subfield>
    <subfield code="b">charts, maps, illustrations, photographs ; </subfield>
    <subfield code="c">23 cm</subfield>
  </datafield>
  <datafield tag="336" ind1=" " ind2=" ">
    <subfield code="a">text</subfield>
    <subfield code="2">rdacontent</subfield>
  </datafield>
  <datafield tag="337" ind1=" " ind2=" ">
    <subfield code="a">unmediated</subfield>
    <subfield code="2">rdamedia</subfield>
  </datafield>
  <datafield tag="338" ind1=" " ind2=" ">
    <subfield code="a">volume</subfield>
    <subfield code="2">rdacarrier</subfield>
  </datafield>
  <datafield tag="500" ind1=" " ind2=" ">
    <subfield code="a">Includes index</subfield>
  </datafield>
  <datafield tag="650" ind1="1" ind2="0">
    <subfield code="a">Leadership </subfield>
    <subfield code="v">Case studies</subfield>
  </datafield>
  <datafield tag="650" ind1="2" ind2="0">
    <subfield code="a">Authentic leadership </subfield>
    <subfield code="v">Case studies</subfield>
  </datafield>
  <datafield tag="700" ind1="0" ind2=" ">
    <subfield code="a">Siti Maimon Haji Kamso, </subfield>
    <subfield code="d">1947- </subfield>
    <subfield code="e">translator.</subfield>
  </datafield>
  <datafield tag="942" ind1=" " ind2=" ">
    <subfield code="2">ddc</subfield>
    <subfield code="c">B</subfield>
  </datafield>
  <datafield tag="999" ind1=" " ind2=" ">
    <subfield code="c">191370</subfield>
    <subfield code="d">191370</subfield>
  </datafield>
  <datafield tag="952" ind1=" " ind2=" ">
    <subfield code="0">0</subfield>
    <subfield code="7">0</subfield>
    <subfield code="b">PPAK</subfield>
    <subfield code="c">G</subfield>
    <subfield code="d">2023-03-12</subfield>
    <subfield code="l">1</subfield>
    <subfield code="m">1</subfield>
    <subfield code="o">658.4092 COH</subfield>
    <subfield code="p">A01772605</subfield>
    <subfield code="r">2025-01-16 13:07:44</subfield>
    <subfield code="s">2024-12-12</subfield>
    <subfield code="y">B</subfield>
  </datafield>
  <datafield tag="952" ind1=" " ind2=" ">
    <subfield code="0">0</subfield>
    <subfield code="7">0</subfield>
    <subfield code="b">SP</subfield>
    <subfield code="c">G</subfield>
    <subfield code="d">2023-03-12</subfield>
    <subfield code="l">0</subfield>
    <subfield code="o">658.4092 COH</subfield>
    <subfield code="p">A01772606</subfield>
    <subfield code="r">2023-03-12 00:00:00</subfield>
    <subfield code="y">B</subfield>
  </datafield>
  <datafield tag="952" ind1=" " ind2=" ">
    <subfield code="0">0</subfield>
    <subfield code="7">0</subfield>
    <subfield code="b">KM</subfield>
    <subfield code="c">G</subfield>
    <subfield code="d">2023-03-12</subfield>
    <subfield code="l">1</subfield>
    <subfield code="o">658.4092 COH</subfield>
    <subfield code="p">A01772607</subfield>
    <subfield code="r">2025-08-23 12:04:36</subfield>
    <subfield code="s">2025-08-02</subfield>
    <subfield code="y">B</subfield>
  </datafield>
</record>
